Quizzes
Events
Quiz Creation
Community
Videos
Private Events
Remove Ads
Sign In
Join for FREE
Feedback
Dark Mode
Quiz Categories
Sports
Geography
Music
Movies
Television
Just For Fun
Miscellaneous
History
Literature
Language
Science
Gaming
Entertainment
Religion
Holiday
For Kids
Quiz Lab
Recent
Popular Today
Quiz Kudos Today
Editor Picks
Curator Picks
Quizzes by...
Day
Popularity
Type
Ratings
Length
Year
Community
Subscriptions
Recent Discussions
Orange Saloon
Badges
Playlists
Quests
Create
Leaderboards
Showdown
Live 5
Trivia Bingo
Activity
Puzzle Library
Sporcle Events
Private Events
Virtual Trivia
Globe League
Become a Host
Pub Owners
SporcleCon
Opinionation
Our Games
Videos
Blog
Mobile Apps
Partnerships
Remove Ads and Go Orange
Feedback
Music
Pop Music
The Beatles
Song
Album
Lyrics
Bands
Singers
Artist
Clip
Rock
Rap
Classical
Billboard
Country Music
Kpop
Taylor Swift
Music
Pop Music
The Beatles
Song
Album
Lyrics
Bands
Singers
Artist
Clip
Rock
Rap
Classical
Billboard
Country Music
Kpop
Taylor Swift
Random Quiz
Search Sporcle
×
Quiz Lab
Quiz Lab
Music
Wife
Type in answers that appear in a list
Type in answers that appear in a list
Classic
Best Score? Go Orange.
Great Composers Wives Stats
Can you name the Great Composers Wives?
By
motomuse
6m
10 Questions
24 Plays
24 Plays
24 Plays
Comments
Comments
Give Quiz Kudos
Give Quiz Kudos
-
- Ratings
hide this ad
More Info
Random Order
Randomize order of answers
Randomize order of answers
Replay
Link that replays current quiz
Next Quiz
Link to next quiz in quiz playlist
You Got
0%
They Got
Avg Score
32%
Avg Friend Score
Upgrade to see
Score Distribution
Jump to the score distribution portion of the page
Score
0/10
Timer
06:00
0
Plays Today
He
She
% Correct
Robert Schumann
Clara
95.8%
Richard Wagner
Cosima
66.7%
Johann Sebastian Bach
Anna Magdalena
54.2%
Amadeus Mozart
Constanze
41.7%
Sergei Prokofiev
Lina
25%
Edvard Grieg
Nina
12.5%
Scott Joplin
Freddie
8.3%
Peter Tchaikovsky
Antonina
8.3%
Johann Strauss
Adele
4.2%
Gioachino Rossini
Olympe
4.2%
Quiz Playlist
Details
Report
Send in Message
Add To Playlist
More Info:
In the instance that a composer had remarried, the answer will be the latter spouse.
Classic:
Type in answers that appear in a list
Random Order:
Randomize order of answers
Last Updated: Feb 16, 2017
Quiz Scoreboard
CHALLENGE
Sign Up to Join the Scoreboard
Show All
Scores
Hide
Comments
May contain spoilers
Recently Published
NBA Finals Game Top Scorers (2010s)
by flibbidy
Sports
5m
Guess the 'R' Things in 3 Words
by MSUKent
Miscellaneous
3m
Actor to Badly Drawn Movie III
by MoMosMoProblems
Movies
5m
More to Explore
Quiz From the Vault
Featured Blog Post
Where Does Lost Luggage Go?
hide this ad
You Might Also Like...
Tags
Composer
Wife
Today's Top Quizzes in Music
Browse Music
hide this ad
Today's Top Quizzes in Wife
Browse Wife
Top Contributed Quizzes in Music
1
Taylor Swift All Songs (2024)
2
Image Sorting: Rock Albums II
3
Image Sorting: Rock Albums III
4
Image Sorting: Rock Albums IV
5
Image Sorting: Rock Albums V
6
Image Sorting: Rock Albums VI
7
Taylor Swift Logic Puzzle
8
Adjectives in 80s Songs
9
Image Sorting: Album Titles
10
Nickname Match: Musicians
Explore More
Trending Topics
Crossword
Marvel
Anime
NBA
Disney
Kpop
Harry Potter
The Office
Puzzle
Country
Soccer
WWE
Song
Pokémon
NFL
hide this ad
More By:
motomuse
Quiz
Plays
Rating
Category
Featured
Created
Rock Hudson Movie Trivia
66
Movies
Jan 26, 2011
NBA Teams & Cities Same Letter
47
1.00
Sports
Jan 5, 2013
Eras of Music
28
Music
Jan 15, 2011
Great Composers Wives
24
4.00
Music
Jan 18, 2011
Go to Creator's Profile
Score Distribution
Quiz Creator Spotlight
motomuse
Follow
Send a Message
Quizzes Created
-
Created Quiz Play Count
-
More By This Creator
Popular Quizzes Today
1
Find the US States - No Outlines Minefield
2
Find the US States
3
The Countries of the World
4
10 Largest US States in Order
5
Find the Countries of Europe - No Outlines Minefield
6
US States
7
Guess the 'R' Things in 3 Words
8
NBA Finals Game Top Scorers (2010s)
More Music Quizzes
Sound Smart About: Led Zeppelin
Curator's Pick
Trending Quizzes
First Name TV: Leading Men
Match the Book to the Film II
3-Word Movies in 1 Word II
First Name TV: Leading Women Drama
Match the Book to the Film VI
Recently Updated
Women's Final Four Teams by Year
bhenderson79
Presidents Quartet II
eogle
Anything But Clue(do)
eogle
Anything But Oceanian Capitals
eogle
Anything But 7
eogle
Anything But Thing
eogle
Word Ladder: February 29
pecheneg
Song Title Questions
pecheneg
Women's NCAA Tournament #1 Seeds
pecheneg
Celebrity Mug Shots
pecheneg
Trending Topics
Crossword
Anime
NBA
Marvel
Disney
Kpop
Harry Potter
Song
NFL
Puzzle
WWE
Pokémon
The Office
Soccer
Country
Your Account Isn't Verified!
In order to create a playlist on Sporcle, you need to verify the email address you used during registration. Go to your
Sporcle Settings
to finish the process.
Report this User
Report this user for behavior that violates our
Community Guidelines
.
Details:
Send Report
Go to the Sporcle.com Mobile Site →
Comments